| 000 | 00841nam a2200277 i 4500 | ||
|---|---|---|---|
| 001 | 16124 | ||
| 003 | ES-MaACL | ||
| 005 | 20250830095349.0 | ||
| 007 | t| | ||
| 008 | 000627s1999 mx ||||1| spa d | ||
| 020 | _a968-36-6992-1 | ||
| 080 | _a321.01 | ||
| 080 | _a342 | ||
| 100 | 1 |
_aArnaiz Amigo, Aurora. _923022 |
|
| 245 | 1 | 0 |
_aDel estado y su derecho _b: estudios políticos / _cAurora Arnaiz Amigo. |
| 250 | _a2ª ed. | ||
| 260 |
_aMéxico : _bUniversidad Nacional Autónoma de México, _c1999. |
||
| 300 |
_a382 p. ; _c23 cm. |
||
| 500 | _aPrimera serie, tomo II. | ||
| 504 | _aBibliografía. | ||
| 650 | 1 | 7 |
_aEstado _2embne _912523 |
| 650 | 1 | 7 |
_aDerecho público _2embne _911763 |
| 710 | 2 |
_aUniversidad Nacional Autónoma de México. _97397 |
|
| 852 |
_aES-MaACL _jL-23297 _bR.128451 |
||
| 999 |
_c16124 _d16124 |
||